| 000 | 00768nam a2200193 i 4500 | ||
|---|---|---|---|
| 001 | 38166 | ||
| 003 | ES-MaACL | ||
| 005 | 20230906155718.0 | ||
| 007 | t| | ||
| 008 | 030224s1879 sp |||| | spa d | ||
| 100 | 1 |
_aCalatayud, Salvador. _933536 |
|
| 245 | 1 | 0 |
_aObservaciones prácticas sobre la lepra _b: topografía sobre la villa de Pedreguer y monografía o descripción de la enfermedad de San Lázaro, reinante en la misma / _cSalvador Calatayud. |
| 260 |
_aDenia : _bImp. y Librería de Pedro Botella, _c1879. |
||
| 300 |
_a71 p. ; _c22 cm. |
||
| 530 | _aDisponible en formato digital. | ||
| 650 | 4 |
_aLepra- _zEspaña. _9155984 |
|
| 852 |
_aES-MaACL _jT-687-F-2 |
||
| 856 |
_uhttp://bdh-rd.bne.es/viewer.vm?id=0000088221&page=1 _zBiblioteca Digital Hispánica |
||
| 999 |
_c38166 _d38166 |
||